000 00307nam a2200121Ia 4500
005 20251222144815.0
008 251222s9999||||xx |||||||||||||| ||spa||
082 _a658.403.2/C29
100 _aCarbonel Valdivia, Juan
245 0 _aProgramación y Control de Proyectos:
264 _bCONCYTEC
942 _cLIB
999 _c20246
_d20246